000 01127cam a2200313 4500
002 7746
008 020927n2005 000 0 eng u
020 _a140510211X
035 _a(Sirsi) u119892
041 _aeng.
050 _a658.404
_c18
100 _aCooper, Rachel
245 _aProcess management in design and construction
260 _aOxford
_bBlackwell
_c2005
300 _axi, 192p.
_c25cm.
350 _a45
520 _aProvides a comprehensive introduction to the field of process management in design and construction, in order to meet the business needs of the construction industry's highly competitive global environment. Practical guidance is offered by identifying potential pitfalls, illustrating best practice drawn from construction and appropriate manufacturing applications.
650 _aPROCESS MANAGEMENT
650 _aDESIGN
650 _aBUILT ENVIRONMENT
650 _aCONSTRUCTION PROCESS
690 _aProject management
_96261
700 _aAouad, G.
700 _aLee, A.
700 _aWu, S.
700 _aFleming, A.
700 _aKagioglou, Michail
942 _n0
999 _c102433
_d102433